[Event "Dortmund Sparkassen op-A 51st"]
[Site "Dortmund"]
[Date "2024.08.16"]
[Round "7"]
[White "Janssen, Thorben"]
[Black "Xue, Luka"]
[Result "0-1"]
[WhiteElo "1920"]
[BlackElo "1992"]
[PlyCount "124"]
[EventDate "2024.08.10"]
[EventType "swiss"]
[EventRounds "9"]
[EventCountry "GER"]
[SourceTitle "CBM 221 Extra"]
[Source "ChessBase"]
[SourceDate "2024.09.30"]
[SourceVersion "1"]
[SourceVersionDate "2024.09.30"]
[SourceQuality "1"]

1. e4 e5 2. Bc4 Nc6 3. Nc3 Bc5 4. Qg4 Nd4 5. Qxg7 Qf6 6. Qxf6 Nxf6 7. Bd3 Rg8 8. g3 a6 9. Nce2 Ne6 10. f3 b5 11. a4 b4 12. Bc4 Bb7 13. Bxe6 fxe6 14. d3 0-0-0 15. Bd2 Rdf8 16. 0-0-0 d5 17. Nh3 Nd7 18. Rhf1 Rf6 19. Rde1 Rgf8 20. Neg1 a5 21. Bg5 Rg6 22. Bd2 Rgf6 23. Bg5 Rg6 24. f4 h6 25. Bh4 dxe4 26. dxe4 Ba6 27. Rf3 Bxg1 28. Nxg1 exf4 29. Rxf4 Rxf4 30. gxf4 Rg2 31. Bg3 Nc5 32. Nf3 b3 33. Nd2 bxc2 34. Kxc2 Nd3 35. Rd1 h5 36. f5 exf5 37. exf5 h4 38. Bxh4 Rxh2 39. Bf6 Nb4+ 40. Kb3 Bd3 41. Kc3 Be2 42. Re1 Nd5+ 43. Kd4 Nxf6 44. Ke5 Nd7+ 45. Kf4 Bd3 46. Re8+ Kb7 47. Rd8 Bxf5 48. Nc4 Be6 49. Nxa5+ Kb6 50. Re8 Nc5 51. Rb8+ Kxa5 52. b4+ Kxa4 53. bxc5 c6 54. Ke5 Bd5 55. Kd6 Rh6+ 56. Kc7 Rh4 57. Kd6 Rb4 58. Ra8+ Kb5 59. Ra1 Be4 60. Rd1 Rc4 61. Re1 Bc2 62. Re8 Rd4+ 0-1

[Event "Dortmund Sparkassen op-A 51st"]
[Site "Dortmund"]
[Date "2024.08.15"]
[Round "6"]
[White "Mann, Gergely"]
[Black "Janssen, Thorben"]
[Result "1-0"]
[WhiteElo "2062"]
[BlackElo "1920"]
[PlyCount "51"]
[EventDate "2024.08.10"]
[EventType "swiss"]
[EventRounds "9"]
[EventCountry "GER"]
[SourceTitle "CBM 221 Extra"]
[Source "ChessBase"]
[SourceDate "2024.09.30"]
[SourceVersion "1"]
[SourceVersionDate "2024.09.30"]
[SourceQuality "1"]

1. e4 c5 2. Nf3 Nc6 3. d4 cxd4 4. Nxd4 g6 5. Nc3 Bg7 6. Be3 Nf6 7. Bc4 0-0 8. Bb3 Re8 9. f3 d5 10. Bxd5 Nxd5 11. Nxd5 e6 12. Nxc6 bxc6 13. Nc3 Qa5 14. 0-0 Rd8 15. Qc1 Ba6 16. Rd1 Bxc3 17. bxc3 Qxc3 18. Rxd8+ Rxd8 19. Rb1 Bc4 20. Rb7 Bxa2 21. h4 Bc4 22. Bg5 Qd4+ 23. Kh2 f6 24. Qf4 Qe5 25. Qxe5 fxe5 26. Bxd8 1-0